[Event "VI Festival A"]
[Site "Ischia ITA"]
[Date "1999.07.??"]
[Round "?"]
[White "Vinzoni, Andrea"]
[Black "Naumkin, Igor"]
[Result "0-1"]
[WhiteElo "2138"]
[BlackElo "2489"]
[PlyCount "74"]
[EventDate "1999.07.10"]

1. d4 Nf6 2. c4 e6 3. Nc3 Bb4 4. e3 c5 5. Bd3 O-O 6. Nf3 Nc6 7. O-O Bxc3 8.
bxc3 d6 9. Qc2 h6 10. Nd2 e5 11. Ne4 Nxe4 12. Bxe4 Qc7 13. f4 f5 14. Bd5+ Kh8
15. fxe5 dxe5 16. e4 f4 17. dxe5 g5 18. Ba3 b6 19. e6 Bb7 20. e5 Rae8 21. Qe4
Nd8 22. Rad1 Bc8 23. Bc1 Bxe6 24. Rfe1 Qg7 25. Bxe6 Nxe6 26. Rd6 Re7 27. Qc6
Rfe8 28. a4 Kh7 29. Ba3 Nf8 30. Qe4+ Kh8 31. Rd5 Re6 32. h4 Ng6 33. hxg5 hxg5
34. Kf2 Nxe5 35. Rh1+ Kg8 36. Qf5 Nxc4 37. Bc1 Re2+ 0-1

[Event "VI Festival A"]
[Site "Ischia ITA"]
[Date "1999.07.??"]
[Round "?"]
[White "Wismeijer, Jeroen"]
[Black "Auletta, Angelo"]
[Result "1-0"]
[WhiteElo "2250"]
[BlackElo "2246"]
[PlyCount "41"]
[EventDate "1999.07.10"]

1. Nf3 Nf6 2. c4 g6 3. d4 Bg7 4. g3 O-O 5. Bg2 d6 6. O-O Nbd7 7. Nc3 e5 8. e4
c6 9. h3 Re8 10. Re1 Qb6 11. dxe5 dxe5 12. Qc2 Bf8 13. Rb1 a6 14. Bf1 Bb4 15.
a3 Bxc3 16. Qxc3 Nc5 17. Bg5 Qd8 18. Red1 Qc7 19. Bg2 Kg7 20. Bxf6+ Kxf6 21.
Nxe5 1-0

[Event "VI Festival A"]
[Site "Ischia ITA"]
[Date "1999.07.??"]
[Round "?"]
[White "Wolferink, Frans"]
[Black "Delizia, Costantino"]
[Result "1-0"]
[WhiteElo "2122"]
[BlackElo "2064"]
[PlyCount "69"]
[EventDate "1999.07.10"]

1. e4 e6 2. d4 d5 3. Nd2 c5 4. Ngf3 Nc6 5. Bb5 dxe4 6. Bxc6+ bxc6 7. Nxe4 cxd4
8. Qxd4 Qxd4 9. Nxd4 e5 10. Nb3 f5 11. Nec5 Nf6 12. O-O Kf7 13. Re1 Bd6 14. Bd2
Re8 15. Rad1 Rb8 16. Bc1 Bc7 17. c4 Rb4 18. Nd2 Nd7 19. a3 Rb8 20. Nxd7 Bxd7
21. Ne4 Rbd8 22. Nd6+ Bxd6 23. Rxd6 Re6 24. Rd3 h6 25. Red1 Ke8 26. Be3 a6 27.
Bb6 Re7 28. Bxd8 Kxd8 29. c5 Kc7 30. Rb3 Bc8 31. Rd6 f4 32. f3 e4 33. fxe4 Rxe4
34. Rg6 Re7 35. Rb6 1-0

[Event "VI Festival A"]
[Site "Ischia ITA"]
[Date "1999.07.??"]
[Round "?"]
[White "Wolferink, Frans"]
[Black "Weischede, Thomas"]
[Result "0-1"]
[WhiteElo "2122"]
[BlackElo "2270"]
[PlyCount "42"]
[EventDate "1999.07.10"]

1. e4 c6 2. d4 d5 3. Nc3 dxe4 4. Nxe4 Nf6 5. Nxf6+ gxf6 6. g3 Qd5 7. Nf3 Bg4 8.
Bg2 Nd7 9. O-O Qh5 10. Re1 O-O-O 11. Qe2 e5 12. h3 Bxh3 13. Bxh3 Qxh3 14. dxe5
fxe5 15. Be3 f6 16. Qc4 Be7 17. b4 Rhg8 18. b5 Rg4 19. Nd4 c5 20. Bf4 exf4 21.
Nc6 fxg3 0-1

[Event "VI Festival A"]
[Site "Ischia ITA"]
[Date "1999.07.??"]
[Round "2"]
[White "Colesanti, Ugo Maria"]
[Black "Vinzoni, Andrea"]
[Result "0-1"]
[WhiteElo "1759"]
[BlackElo "2138"]
[PlyCount "42"]
[EventDate "1999.07.10"]

1. e4 c6 2. d4 d5 3. Nd2 dxe4 4. Nxe4 Nf6 5. Ng3 e6 6. Nf3 Be7 7. Be2 O-O 8.
O-O b6 9. Ne5 Bb7 10. Bf3 Nfd7 11. Be4 Nxe5 12. dxe5 Qc7 13. Re1 c5 14. Bxb7
Qxb7 15. Qg4 Rd8 16. Nh5 g6 17. Bg5 gxh5 18. Qxh5 Kh8 19. Re3 Rg8 20. Qxf7 Rxg5
21. Rf3 Nc6 0-1

[Event "II Festival A"]
[Site "Bernate Ticino ITA"]
[Date "1999.07.08"]
[Round "1"]
[White "Aglietti, Graziano"]
[Black "Cipriani, Mauro"]
[Result "1-0"]
[WhiteElo "2050"]
[BlackElo "1509"]
[PlyCount "67"]
[EventDate "1999.07.08"]

1.d4 Nf6 2.Nf3 d5 3.e3 g6 4.c4 c6 5.Nc3 Bg7 6.Be2 O-O 7.O-O Nbd7 8.cxd5 
cxd5 9.Qb3 Nb6 10.a4 a5 11.Bd2 h6 12.Ne5 Be6 13.f3 Ne8 14.Nd3 Bc8 15.Nf4 
e6 16.Nb5 Nd7 17.Rac1 b6 18.Rc2 Ba6 19.Rfc1 Bxb5 20.Bxb5 Nd6 21.Kh1 Kh8 
22.Qd3 Nf6 23.b3 Rg8 24.Rc7 g5 25.Nh3 g4 26.Nf4 Bf8 27.Be1 Rg7 28.Bh4 Nf5 
29.Rd7 Qb8 30.Bxf6 gxf3 31.gxf3 Bd6 32.Nh5 Bxh2 33.Nxg7 Nxg7 34.Rd8+ 1-0

[Event "II Festival A"]
[Site "Bernate Ticino ITA"]
[Date "1999.07.08"]
[Round "1"]
[White "Barlocco, Carlo"]
[Black "Tavecchia, Mario"]
[Result "1-0"]
[WhiteElo "2161"]
[BlackElo "1666"]
[PlyCount "92"]
[EventDate "1999.07.08"]

1.e4 d5 2.exd5 Qxd5 3.Nc3 Qa5 4.d4 Nf6 5.Bd2 c6 6.Bc4 Bf5 7.Qe2 e6 8.O-O-O
Bb4 9.Nf3 Nbd7 10.Nh4 g6 11.h3 Bxc3 12.Bxc3 Qc7 13.Nxf5 gxf5 14.g4 fxg4 
15.hxg4 Nd5 16.Bxd5 cxd5 17.Qf3 Qd6 18.Rh6 Qe7 19.Rdh1 O-O-O 20.Rxh7 Rxh7 
21.Rxh7 Nf6 22.Rg7 Rd7 23.Qe3 Qf8 24.Qg5 Ne4 25.Rg8 Nxg5 26.Rxf8+ Rd8 27.
Rxd8+ Kxd8 28.Bd2 Ne4 29.f3 Nd6 30.c3 Kd7 31.Kc2 a6 32.b3 b6 33.Kd3 Kc6 
34.c4 dxc4+ 35.bxc4 Kd7 36.Bb4 Nb7 37.a4 Nd8 38.d5 exd5 39.cxd5 Nb7 40.Kd4
Nd6 41.f4 Ne8 42.g5 Ng7 43.Ke5 Nh5 44.f5 b5 45.axb5 axb5 46.f6 Ke8 1-0

[Event "II Festival A"]
[Site "Bernate Ticino ITA"]
[Date "1999.07.08"]
[Round "1"]
[White "Barosso, Renzo"]
[Black "Genovese, Maurizio"]
[Result "0-1"]
[WhiteElo "1794"]
[BlackElo "2287"]
[PlyCount "102"]
[EventDate "1999.07.08"]

1.d4 Nf6 2.c4 e6 3.Nf3 d5 4.Nc3 c6 5.cxd5 exd5 6.Bg5 Be7 7.e3 Bf5 8.Bd3 
Bxd3 9.Qxd3 O-O 10.O-O Nbd7 11.a3 a5 12.Qf5 Re8 13.Ne2 Ne4 14.Bxe7 Qxe7 
15.Nf4 Nd6 16.Qc2 Nc4 17.Rfe1 Nf6 18.h3 a4 19.Nd3 Ne4 20.Nde5 Nxe5 21.Nxe5
Qg5 22.Nf3 Qh5 23.Qe2 Ra6 24.Ne5 Qxe2 25.Rxe2 Rb6 26.Rc1 Rb3 27.Nd7 f5 28.
Nc5 Nxc5 29.Rxc5 f4 30.Rc3 fxe3 31.Kf1 Rb5 32.Rcxe3 Rxe3 33.fxe3 Kf7 34.g4
Rb3 35.Kf2 g5 36.Rc2 Kg6 37.Ke2 h5 38.Kd2 h4 39.Ke2 Kf6 40.Kf2 Ke6 41.Re2 
Kd6 42.Kg2 b6 43.Kh2 c5 44.Kg2 Rd3 45.dxc5+ bxc5 46.e4 Rg3+ 47.Kh2 d4 48.
Rf2 Ke5 49.Rf5+ Kxe4 50.Rxc5 d3 51.Rc8 d2 0-1

[Event "II Festival A"]
[Site "Bernate Ticino ITA"]
[Date "1999.07.08"]
[Round "1"]
[White "Bellini, Roberto"]
[Black "Lapiccirella, Daniele"]
[Result "0-1"]
[WhiteElo "1461"]
[BlackElo "1891"]
[PlyCount "150"]
[EventDate "1999.07.08"]

1.d4 d5 2.c4 c6 3.Nc3 Nf6 4.Nf3 e6 5.e3 Nbd7 6.cxd5 cxd5 7.Bd3 Be7 8.O-O 
O-O 9.Qc2 a6 10.b3 b5 11.Bb2 Bb7 12.Rac1 Rc8 13.Qb1 h6 14.Rfe1 Qb6 15.e4 
dxe4 16.Nxe4 Nxe4 17.Bxe4 Bxe4 18.Qxe4 Nf6 19.Qh4 Rxc1 20.Rxc1 Qa5 21.a4 
bxa4 22.bxa4 Qxa4 23.Qf4 Nd5 24.Qd2 Rb8 25.Bc3 Bf6 26.g3 Rc8 27.Qb2 Rd8 
28.Ra1 Qc4 29.Ba5 Rc8 30.Qb7 Qc6 31.Qxc6 Rxc6 32.Ne5 Bxe5 33.dxe5 Kh7 34.
Kf1 g5 35.Bd2 Kg6 36.g4 Nc7 37.Ra5 Nb5 38.Kg2 Nc7 39.Kg3 Rc2 40.Be3 Rc3 
41.Kg2 Nd5 42.Rxa6 Nxe3+ 43.fxe3 Rxe3 44.Ra5 h5 45.h3 Rd3 46.gxh5+ Kxh5 
47.Ra7 Kg6 48.Ra8 Rd5 49.Rg8+ Kh6 50.Rh8+ Kg7 51.Rh5 Rxe5 52.h4 Kg6 53.Rh8
gxh4 54.Rxh4 Rf5 55.Ra4 e5 56.Re4 Kf6 57.Ra4 Rf4 58.Ra7 Kg6 59.Kg3 f6 60.
Ra5 Kf5 61.Kg2 Rb4 62.Kf3 Rb3+ 63.Ke2 Kf4 64.Ra1 f5 65.Rf1+ Ke4 66.Rc1 
Rb2+ 67.Kf1 Kf4 68.Kg1 e4 69.Rf1+ Kg4 70.Rc1 f4 71.Rc7 e3 72.Rg7+ Kf3 73.
Kh1 e2 74.Rg1 Rb7 75.Rc1 Kf2 0-1

[Event "II Festival A"]
[Site "Bernate Ticino ITA"]
[Date "1999.07.08"]
[Round "1"]
[White "Cazzaniga, Walter"]
[Black "D'Aulisa, Francesco"]
[Result "1-0"]
[WhiteElo "2153"]
[BlackElo "1624"]
[PlyCount "85"]
[EventDate "1999.07.08"]

1.d4 g6 2.Nf3 Bg7 3.c4 d6 4.Nc3 e6 5.e4 Ne7 6.Be3 Nd7 7.Qd2 h6 8.O-O-O b6 
9.Be2 Bb7 10.h3 g5 11.h4 g4 12.Nh2 h5 13.Rhe1 Ng6 14.g3 e5 15.d5 Ne7 16.f3
gxf3 17.Bxf3 Ng8 18.Rf1 Ba6 19.b3 Qe7 20.Rf2 O-O-O 21.Nf1 Bh6 22.Bxh6 Rxh6
23.Ne3 Qf8 24.Rdf1 Ne7 25.Be2 f6 26.b4 Qg7 27.c5 Bxe2 28.Qxe2 Nb8 29.Rf3 
Rg6 30.Qf2 Rf8 31.Nc4 Ng8 32.cxd6 Nh6 33.Nxe5 Ng4 34.Nxg4 hxg4 35.Rf5 Qd7 
36.e5 cxd6 37.e6 Qc7 38.Kb2 Qc4 39.Rf4 Qc7 40.Rc1 Qe7 41.Qc2 f5 42.Nb5+ 
Kb7 43.Qc7+ 1-0

[Event "II Festival A"]
[Site "Bernate Ticino ITA"]
[Date "1999.07.08"]
[Round "1"]
[White "Guidi, Maurizio"]
[Black "Inkiov, Ventzislav V."]
[Result "0-1"]
[WhiteElo "1834"]
[BlackElo "2456"]
[PlyCount "74"]
[EventDate "1999.07.08"]

1.d4 Nf6 2.Nf3 e6 3.g3 d5 4.Bg2 c5 5.c4 dxc4 6.Qa4+ Nbd7 7.Qxc4 a6 8.e3 b5
9.Qe2 Bb7 10.O-O Be7 11.b3 O-O 12.Bb2 Rc8 13.Nc3 Qa5 14.Rfc1 Bxf3 15.Bxf3 
cxd4 16.exd4 Ba3 17.Ne4 Nxe4 18.Bxe4 Nf6 19.Bb7 Bxb2 20.Qxb2 Rc7 21.b4 Qb6
22.Bg2 Rfc8 23.Rc5 Nd7 24.Rxc7 Qxc7 25.a4 Nb6 26.axb5 axb5 27.Bf1 Na4 28.
Qb3 Nc3 29.Ra5 h5 30.h4 Qd7 31.Qc2 g6 32.Bd3 Kg7 33.Qb2 Qxd4 34.Bf1 e5 35.
Qb3 Rc6 36.Bxb5 Nxb5 37.Rxb5 Rc1+ 0-1

[Event "II Festival A"]
[Site "Bernate Ticino ITA"]
[Date "1999.07.08"]
[Round "1"]
[White "Lampic, Teo"]
[Black "Quagliarella, Sabino Remo"]
[Result "1-0"]
[WhiteElo "2321"]
[BlackElo "1814"]
[PlyCount "55"]
[EventDate "1999.07.08"]

1.e4 d6 2.d4 Nf6 3.f3 c6 4.Be3 Nbd7 5.Nh3 e5 6.c3 Be7 7.Nf2 Qc7 8.Bd3 O-O 
9.O-O a5 10.a4 b6 11.Na3 Ba6 12.Bxa6 Rxa6 13.Qd3 Raa8 14.f4 h5 15.Rad1 
Rad8 16.Nc4 Rfe8 17.Qe2 exf4 18.Bxf4 b5 19.axb5 cxb5 20.Ne3 Qb6 21.e5 dxe5
22.dxe5 Ng4 23.Nexg4 hxg4 24.Qxg4 Bc5 25.Rxd7 Rxd7 26.Qxd7 Rd8 27.Qg4 Rd2 
28.Bxd2 1-0

[Event "II Festival A"]
[Site "Bernate Ticino ITA"]
[Date "1999.07.08"]
[Round "1"]
[White "Lapiccirella, Mattia"]
[Black "Variato, Mariano"]
[Result "1-0"]
[WhiteElo "2124"]
[BlackElo "1576"]
[PlyCount "67"]
[EventDate "1999.07.08"]

1.d4 Nf6 2.c4 c5 3.d5 b5 4.cxb5 a6 5.b6 d6 6.Nc3 Nbd7 7.a4 Nxb6 8.a5 Nbd7 
9.e4 g6 10.f4 Bg7 11.Bc4 O-O 12.Nge2 Ne8 13.O-O Nc7 14.Qd3 Nb5 15.Be3 f5 
16.e5 Re8 17.e6 Nf6 18.Nxb5 axb5 19.Bxb5 Rf8 20.Bd2 Bb7 21.Bc4 Ne4 22.Be1 
Qb8 23.Ra2 Ra7 24.Kh1 Bc8 25.Nc3 Nxc3 26.bxc3 h5 27.Bd2 h4 28.a6 h3 29.
Qxh3 Bxa6 30.Rxa6 Rxa6 31.Bxa6 Qb2 32.Qd3 Rb8 33.Bc4 Bf6 34.g4 1-0

[Event "II Festival A"]
[Site "Bernate Ticino ITA"]
[Date "1999.07.08"]
[Round "1"]
[White "Loncar, Robert"]
[Black "Zotti, Enrico"]
[Result "1-0"]
[WhiteElo "2429"]
[BlackElo "1839"]
[PlyCount "77"]
[EventDate "1999.07.08"]

1.d4 Nf6 2.c4 g6 3.Nc3 Bg7 4.e4 d6 5.Bg5 O-O 6.Qd2 Re8 7.Be2 Nbd7 8.f4 e5 
9.fxe5 dxe5 10.d5 a6 11.Nh3 Qe7 12.O-O Qd6 13.Rab1 Nc5 14.Bxf6 Bxf6 15.b4 
Bxh3 16.bxc5 Qxc5+ 17.Kh1 Qd4 18.Qc2 Bg5 19.gxh3 b6 20.Rbd1 Qc5 21.Na4 Qd6
22.c5 bxc5 23.Nxc5 Bf4 24.Nd3 Be3 25.Qc6 Rab8 26.Rb1 Kg7 27.Rb7 Qxc6 28.
dxc6 Rxb7 29.cxb7 Bd4 30.Nb4 Ba7 31.Nc6 Bb8 32.Rd1 f5 33.Rd8 Rxd8 34.Nxd8 
c5 35.Nc6 Bc7 36.Bxa6 Kf6 37.Bc4 fxe4 38.a4 e3 39.Kg2 1-0

[Event "II Festival A"]
[Site "Bernate Ticino ITA"]
[Date "1999.07.08"]
[Round "1"]
[White "Perotti, Davide"]
[Black "Giretti Kanev, Jasen"]
[Result "0-1"]
[WhiteElo "1644"]
[BlackElo "2152"]
[PlyCount "96"]
[EventDate "1999.07.08"]

1.Nf3 Nf6 2.g3 b6 3.Bg2 Bb7 4.O-O c5 5.b3 d6 6.Bb2 e5 7.d3 Be7 8.e4 O-O 9.
Nbd2 Nc6 10.Nc4 b5 11.Ne3 a5 12.c4 b4 13.Nf5 Bc8 14.Nxe7+ Qxe7 15.Qd2 Bg4 
16.a3 bxa3 17.Rxa3 Rfb8 18.Bc3 Qc7 19.Rfa1 Nb4 20.Ne1 Nd7 21.Nc2 Nf8 22.
Bxb4 cxb4 23.R3a2 Bd7 24.Ne3 Bc6 25.Nf5 Ne6 26.Bh3 Nc5 27.Rb1 a4 28.bxa4 
b3 29.Ra3 Bxa4 30.Ne3 Bc6 31.Rxa8 Rxa8 32.Nd5 Bxd5 33.exd5 Ra2 34.Rb2 Rxb2
35.Qxb2 Qa5 36.d4 Qa2 37.Qc3 Ne4 38.Qb4 Qxf2+ 39.Kh1 Qf3+ 40.Kg1 Qe3+ 41.
Kh1 Qc1+ 42.Kg2 Qd2+ 43.Qxd2 Nxd2 44.dxe5 g6 45.exd6 Kf8 46.d7 Ke7 47.d6+ 
Kd8 48.c5 Ne4 0-1

[Event "II Festival A"]
[Site "Bernate Ticino ITA"]
[Date "1999.07.08"]
[Round "1"]
[White "Ponti, Lorenzo"]
[Black "Ciolac, Gheorghe"]
[Result "0-1"]
[WhiteElo "1831"]
[BlackElo "2364"]
[PlyCount "60"]
[EventDate "1999.07.08"]

1.d4 Nf6 2.Nf3 e6 3.Bg5 c5 4.e3 Be7 5.c3 b6 6.Bd3 h6 7.Bh4 Bb7 8.O-O Nc6 
9.Nbd2 cxd4 10.exd4 Nd5 11.Bg3 O-O 12.Re1 f5 13.h3 a6 14.a4 f4 15.Bh2 Bd6 
16.Nc4 Bc7 17.Qe2 Qe7 18.Nce5 Bxe5 19.Nxe5 Nxe5 20.dxe5 f3 21.Qe4 Qg5 22.
g3 Nf4 23.Qxb7 Nxh3+ 24.Kf1 Qd2 25.Be2 fxe2+ 26.Kg2 Nxf2 27.g4 Nd3 28.Bg3 
Rab8 29.Qe4 Nxe1+ 30.Rxe1 Qxb2 0-1

[Event "II Festival A"]
[Site "Bernate Ticino ITA"]
[Date "1999.07.08"]
[Round "1"]
[White "Primerano, Carlo"]
[Black "Sala, Gianni"]
[Result "0-1"]
[WhiteElo "1567"]
[BlackElo "2048"]
[PlyCount "106"]
[EventDate "1999.07.08"]

1.e4 e5 2.f4 Bc5 3.Nf3 Nf6 4.Bc4 O-O 5.d4 exd4 6.Nxd4 Nxe4 7.O-O d5 8.Bb3 
Nc6 9.Be3 Re8 10.Re1 Nf6 11.Nxc6 Bxe3+ 12.Rxe3 bxc6 13.Rxe8+ Qxe8 14.Nc3 
Qe3+ 15.Kh1 Ba6 16.Ba4 Bb7 17.Qd3 Qxf4 18.Re1 Ng4 19.Qg3 Qxg3 20.hxg3 Kf8 
21.Kg1 Nf6 22.Kf2 Re8 23.Rd1 Ne4+ 24.Nxe4 Rxe4 25.Bb3 d4 26.Rh1 h6 27.Rh5 
f6 28.Ra5 a6 29.Bc4 Re5 30.Ra3 Rc5 31.Bd3 Bc8 32.Rb3 Bf5 33.Rb8+ Ke7 34.
Bxf5 Rxf5+ 35.Ke2 Rb5 36.Rc8 Kd7 37.Rg8 Rxb2 38.Rxg7+ Kd6 39.Kd3 Rxa2 40.
Rg6 Ke5 41.Rxh6 Ra3+ 42.Ke2 Rxg3 43.Rh5+ f5 44.Kf2 Rc3 45.g4 Rxc2+ 46.Ke1 
d3 47.Rxf5+ Ke4 48.Ra5 Ke3 49.Re5+ Kf4 50.Ra5 Kxg4 51.Rxa6 Kf3 52.Ra1 Ke3 
53.Kf1 c5 0-1

[Event "II Festival A"]
[Site "Bernate Ticino ITA"]
[Date "1999.07.08"]
[Round "1"]
[White "Rivolta, Aladino"]
[Black "Rossi, Giampiero"]
[Result "0-1"]
[WhiteElo "1509"]
[BlackElo "2020"]
[PlyCount "106"]
[EventDate "1999.07.08"]

1.e4 c5 2.Nf3 e6 3.d4 cxd4 4.Nxd4 a6 5.Nc3 Qc7 6.Bd3 Nc6 7.Be3 Nf6 8.O-O 
Ne5 9.f4 Neg4 10.Qf3 Nxe3 11.Qxe3 Bc5 12.Nce2 d6 13.e5 dxe5 14.fxe5 Ng4 
15.Qf3 h5 16.Kh1 Qxe5 17.Qf4 Qxf4 18.Nxf4 Bxd4 19.h3 Nf2+ 20.Kh2 g5 21.Ne2
Be5+ 22.Kg1 Nxd3 23.cxd3 Bd7 24.d4 Bd6 25.a4 Bc6 26.Nc3 O-O 27.Rf6 Kg7 28.
Raf1 Be7 29.R6f2 Rad8 30.Rd2 Rd7 31.Rfd1 Rfd8 32.Ne2 Bxa4 33.Ra1 Bc6 34.
Ra5 Kg6 35.Rd3 b6 36.Re5 Bf6 37.Ree3 Bb5 38.Rb3 Bxe2 39.Rxe2 Bxd4+ 40.Kf1 
Bc5 41.g3 Rd1+ 42.Kg2 Rg1+ 43.Kf3 Rf1+ 44.Kg2 Rdd1 45.g4 Rg1+ 46.Kf3 hxg4+
47.hxg4 Rdf1+ 48.Ke4 Rxg4+ 49.Kd3 Rf3+ 50.Kc2 Rc4+ 51.Rc3 Rcxc3+ 52.bxc3 
Rf2 53.Rxf2 Bxf2 0-1

[Event "II Festival A"]
[Site "Bernate Ticino ITA"]
[Date "1999.07.08"]
[Round "1"]
[White "Sanzani, Pierluigi"]
[Black "Everet, Alexandro"]
[Result "0-1"]
[WhiteElo "1699"]
[BlackElo "2294"]
[PlyCount "86"]
[EventDate "1999.07.08"]

1.e4 g6 2.d4 Bg7 3.Nc3 d6 4.f4 c6 5.Nf3 Bg4 6.Be3 Nf6 7.h3 Bxf3 8.Qxf3 Qa5
9.Bd3 Nbd7 10.g4 O-O-O 11.O-O-O Ne8 12.e5 Nc7 13.Kb1 d5 14.f5 e6 15.Ne2 c5
16.Bd2 Qb6 17.f6 Bf8 18.c3 Kb8 19.h4 h6 20.Bf4 Ka8 21.Qe3 Nb8 22.dxc5 Bxc5
23.Nd4 Nc6 24.Bc2 Nb5 25.Qd2 Nbxd4 26.cxd4 Bxd4 27.Bb3 Bc5 28.Bxh6 Nd4 29.
Bg7 Rh7 30.Qd3 Nc6 31.h5 Nxe5 32.Qe2 Bd6 33.Bc2 Bb8 34.hxg6 Rxh1 35.Rxh1 
fxg6 36.Rf1 Rd7 37.Ba4 Rf7 38.Be8 Nc4 39.Bxf7 Be5 40.Rf3 Bxb2 41.Rb3 Qg1+ 
42.Kc2 Qc1+ 43.Kd3 Ne5+ 0-1

[Event "II Festival A"]
[Site "Bernate Ticino ITA"]
[Date "1999.07.08"]
[Round "1"]
[White "Sartorio, Diego"]
[Black "Lovati, Paolo"]
[Result "0-1"]
[WhiteElo "1594"]
[BlackElo "2080"]
[PlyCount "52"]
[EventDate "1999.07.08"]

1.e4 d6 2.d4 Nf6 3.Nc3 c6 4.Nf3 Bg4 5.Be2 e6 6.O-O Be7 7.Ne1 Bxe2 8.Qxe2 
Qb6 9.Nf3 O-O 10.b3 d5 11.e5 Nfd7 12.Na4 Qa6 13.c4 dxc4 14.Qc2 cxb3 15.
Qxb3 c5 16.Rb1 b6 17.dxc5 Nxc5 18.Nxc5 Bxc5 19.Qc2 Rd8 20.Qe4 Rd5 21.Ng5 
Qd3 22.Qg4 Qxb1 23.Nxe6 Qg6 24.Qxg6 hxg6 25.Nc7 Rd8 26.Nxa8 Na6 0-1

[Event "II Festival A"]
[Site "Bernate Ticino ITA"]
[Date "1999.07.08"]
[Round "1"]
[White "Vujovic, Milorad"]
[Black "Orlando, Luigi"]
[Result "1-0"]
[WhiteElo "2258"]
[BlackElo "1722"]
[PlyCount "112"]
[EventDate "1999.07.08"]

1.e4 d6 2.d4 Nf6 3.Nc3 g6 4.Bg5 Bg7 5.f4 h6 6.Bh4 Nc6 7.e5 dxe5 8.dxe5 Nd7
9.Nf3 Nb6 10.Bb5 Qxd1+ 11.Rxd1 Bd7 12.Ne4 a6 13.Be2 O-O-O 14.c3 Bf5 15.Ng3
Be6 16.b3 Rxd1+ 17.Bxd1 Nd5 18.Ne2 Ne3 19.Kf2 Ng4+ 20.Ke1 Ne3 21.Kf2 Ng4+ 
22.Kg3 g5 23.fxg5 hxg5 24.Bxg5 Ngxe5 25.Nxe5 Bxe5+ 26.Bf4 Rg8+ 27.Kf2 Bg4 
28.Bxe5 Nxe5 29.h3 Nd3+ 30.Ke3 Bxe2 31.Bxe2 Ne5 32.g4 f6 33.Kf4 Kd7 34.h4 
b5 35.Kf5 Nf7 36.Rd1+ Nd6+ 37.Kf4 e5+ 38.Ke3 Ke6 39.c4 bxc4 40.bxc4 c5 41.
Rd5 f5 42.g5 f4+ 43.Kf3 Nf5 44.Rxc5 Nxh4+ 45.Kg4 f3 46.Bf1 Nf5 47.Bh3 Rh8 
48.Rc6+ Kd7 49.Rf6 Rh4+ 50.Kxf5 Rxh3 51.Kxe5 Rg3 52.Kf5 f2 53.Kg6 Rg2 54.
Kh6 Rh2+ 55.Kg7 Ke7 56.g6 Rg2 1-0

[Event "II Festival A"]
[Site "Bernate Ticino ITA"]
[Date "1999.07.09"]
[Round "2"]
[White "Ciolac, Gheorghe"]
[Black "Aglietti, Graziano"]
[Result "1-0"]
[WhiteElo "2364"]
[BlackElo "2050"]
[PlyCount "29"]
[EventDate "1999.07.08"]

1.e4 c5 2.Ne2 e6 3.Nbc3 d5 4.exd5 exd5 5.d4 Nc6 6.Be3 cxd4 7.Nxd4 Bb4 8.
Nxc6 bxc6 9.Qd4 Be7 10.Qxg7 Bf6 11.Qg3 d4 12.O-O-O Qb6 13.Ne4 Be6 14.Nxf6+
Nxf6 15.Bxd4 1-0

[Event "II Festival A"]
[Site "Bernate Ticino ITA"]
[Date "1999.07.09"]
[Round "2"]
[White "Cipriani, Mauro"]
[Black "Barosso, Renzo"]
[Result "0-1"]
[WhiteElo "1509"]
[BlackElo "1794"]
[PlyCount "56"]
[EventDate "1999.07.08"]

1.d4 d5 2.e3 Bf5 3.c4 e6 4.Nc3 Nf6 5.Nf3 c6 6.Be2 dxc4 7.Bxc4 Nbd7 8.O-O 
Bd6 9.Re1 Ne4 10.Nxe4 Bxe4 11.Rb1 Bxb1 12.e4 O-O 13.Bd2 Nb6 14.Bb3 Bd3 15.
e5 Be7 16.Re3 Bg6 17.Ne1 Qxd4 18.Nf3 Qxb2 19.Bc1 Qb1 20.g4 Rfd8 21.Nd2 Qa1
22.f4 Qd4 23.Qf3 Bc5 24.Nf1 Be4 25.Qh3 Nd5 26.Bxd5 Qxd5 27.Qg3 Qxa2 28.f5 
Rd1 0-1

[Event "II Festival A"]
[Site "Bernate Ticino ITA"]
[Date "1999.07.09"]
[Round "2"]
[White "D'Aulisa, Francesco"]
[Black "Guidi, Maurizio"]
[Result "0-1"]
[WhiteElo "1624"]
[BlackElo "1834"]
[PlyCount "109"]
[EventDate "1999.07.08"]

1.e4 c5 2.Nc3 d6 3.Nf3 Nc6 4.Bb5 Bd7 5.Bxc6 Bxc6 6.d4 cxd4 7.Nxd4 Nf6 8.
Nxc6 bxc6 9.O-O e6 10.b3 Be7 11.Bb2 O-O 12.Qf3 d5 13.Rad1 Qc7 14.exd5 cxd5
15.Qe2 Rac8 16.Rc1 Bb4 17.Nb5 Qe7 18.Bxf6 Qxf6 19.Nxa7 Ra8 20.Nc6 Bc3 21.
a4 Rfc8 22.Qb5 e5 23.Nb4 Rab8 24.Nxd5 Qd6 25.Qd3 Bd4 26.c4 g6 27.Kh1 f5 
28.f4 Re8 29.Rfe1 Bb2 30.fxe5 Bxc1 31.Qg3 Qa3 32.Nf6+ Kg7 33.Nxe8+ Rxe8 
34.e6 Bb2 35.Qc7+ Re7 36.Qb6 Bc3 37.Rd1 Qb4 38.Qd6 Qxd6 39.Rxd6 Kf6 40.Kg1
Bb4 41.Rd5 Kxe6 42.a5 Ra7 43.Rb5 Bxa5 44.b4 Bd8 45.Rd5 Be7 46.Rb5 Ra4 47.
c5 Rxb4 48.Ra5 Rc4 49.Ra6+ Ke5 50.c6 Kd6 51.Kf2 Rxc6 52.Ra7 h5 53.Kf3 Ke6 
54.Ra8 Rc3+ 55.Ke2 0-1

[Event "II Festival A"]
[Site "Bernate Ticino ITA"]
[Date "1999.07.09"]
[Round "2"]
[White "Everet, Alexandro"]
[Black "Guerrini, Donato"]
[Result "1/2-1/2"]
[WhiteElo "2294"]
[BlackElo "1924"]
[PlyCount "129"]
[EventDate "1999.07.08"]

1.d4 Nf6 2.c4 c5 3.d5 b5 4.cxb5 a6 5.e3 g6 6.Nc3 Bg7 7.bxa6 Bxa6 8.Bxa6 
Nxa6 9.Nge2 d6 10.O-O O-O 11.h3 Qb6 12.Rb1 Rfb8 13.e4 h6 14.Be3 Nd7 15.Qc1
Kh7 16.b4 Nxb4 17.a3 Nd3 18.Qc2 Qa6 19.Rfd1 N3e5 20.a4 Nc4 21.Bc1 Rxb1 22.
Qxb1 Ndb6 23.Rf1 Nxa4 24.Nxa4 Qxa4 25.Qb7 Qa7 26.Qb3 Qa2 27.Qd1 Rb8 28.h4 
Rb1 29.h5 Qb3 30.hxg6+ fxg6 31.Qxb3 Rxb3 32.g3 g5 33.Kg2 Kg6 34.Re1 Rb1 
35.f4 Nb2 36.e5 Nd3 37.Rd1 Nxc1 38.Nxc1 Kf5 39.exd6 exd6 40.fxg5 Bb2 41.
Rf1+ Kxg5 42.Nd3 Rxf1 43.Kxf1 Bd4 44.Kg2 Kf5 45.Kf3 Be5 46.g4+ Kf6 47.Ke4 
Bh2 48.Nb2 Bg3 49.Nc4 Bh2 50.Ne3 Kg5 51.Kf3 Bf4 52.Nc4 Be5 53.Nb6 h5 54.
gxh5 Kxh5 55.Ke4 Kg5 56.Nc4 Bh2 57.Ne3 Kg6 58.Nc4 Kf7 59.Kf5 Ke7 60.Nb6 
Bg3 61.Nc8+ Kd8 62.Nb6 Kc7 63.Nc4 Bh2 64.Ke6 Bg3 65.Na3 1/2-1/2

[Event "II Festival A"]
[Site "Bernate Ticino ITA"]
[Date "1999.07.09"]
[Round "2"]
[White "Genovese, Maurizio"]
[Black "Barlocco, Carlo"]
[Result "1-0"]
[WhiteElo "2287"]
[BlackElo "2161"]
[PlyCount "49"]
[EventDate "1999.07.08"]

1.d4 d5 2.c4 e6 3.Nc3 c5 4.cxd5 exd5 5.Nf3 Nf6 6.Bg5 cxd4 7.Bxf6 Qxf6 8.
Nxd5 Qd8 9.Qxd4 Nc6 10.Qe4+ Be6 11.Nc3 Be7 12.e3 O-O 13.Bb5 Qb6 14.O-O Bf6
15.Rac1 Bxc3 16.Bd3 Bf5 17.Qxf5 g6 18.Qh3 Qxb2 19.Ng5 h5 20.Bxg6 fxg6 21.
Qe6+ Kg7 22.Rb1 Rae8 23.Rxb2 Bxb2 24.Qb3 Kf6 25.Nh7+ 1-0

[Event "II Festival A"]
[Site "Bernate Ticino ITA"]
[Date "1999.07.09"]
[Round "2"]
[White "Giretti Kanev, Jasen"]
[Black "Loncar, Robert"]
[Result "0-1"]
[WhiteElo "2152"]
[BlackElo "2429"]
[PlyCount "88"]
[EventDate "1999.07.08"]

1.Nf3 Nf6 2.c4 g6 3.Nc3 Bg7 4.e4 d6 5.d4 O-O 6.Be2 c5 7.dxc5 Qa5 8.O-O 
Qxc5 9.Be3 Qa5 10.Nd2 Nc6 11.Nb3 Qd8 12.c5 dxc5 13.Nxc5 b6 14.Qa4 Ne5 15.
Rfd1 Qc7 16.Nb5 Qb8 17.Nd3 Nxd3 18.Rxd3 Bd7 19.Qb4 Bc6 20.Bf3 Nd7 21.Nd4 
Ne5 22.Rc3 Qb7 23.Rac1 Rac8 24.Bf4 Bd7 25.Rxc8 Rxc8 26.Rxc8+ Qxc8 27.Be2 
Ng4 28.h3 e5 29.hxg4 exf4 30.Qd6 Bxd4 31.Qxd4 Bxg4 32.Bxg4 Qxg4 33.Qd8+ 
Kg7 34.Qd4+ Kh6 35.f3 Qh5 36.Qd6 Qc5+ 37.Qxc5 bxc5 38.Kf2 Kg5 39.Ke2 Kh4 
40.Kf2 h6 41.a3 a6 42.b3 f6 43.Kg1 Kg3 44.Kf1 h5 0-1

[Event "II Festival A"]
[Site "Bernate Ticino ITA"]
[Date "1999.07.09"]
[Round "2"]
[White "Inkiov, Ventzislav V."]
[Black "Lapiccirella, Mattia"]
[Result "1-0"]
[WhiteElo "2456"]
[BlackElo "2124"]
[PlyCount "73"]
[EventDate "1999.07.08"]

1.d4 Nf6 2.c4 g6 3.Nc3 Bg7 4.e4 d6 5.f4 O-O 6.Nf3 c5 7.d5 e6 8.Be2 exd5 9.
exd5 Nh5 10.O-O Bxc3 11.bxc3 f5 12.Bd2 Ng7 13.Be1 Nd7 14.Bh4 Nf6 15.Bd3 
Re8 16.h3 Bd7 17.Nh2 Qe7 18.Kh1 Qf8 19.Rf3 Rac8 20.a4 Rc7 21.Qc2 Bc8 22.
Rg1 Kh8 23.g4 Rce7 24.Qc1 Rc7 25.Rfg3 Rf7 26.R3g2 Nd7 27.Bg5 Nf6 28.Nf3 
Ng8 29.Nh4 Rc7 30.Re1 Rxe1+ 31.Qxe1 Qf7 32.Nf3 Nf6 33.Qh4 Ne4 34.Re2 Nxc3 
35.Re1 Nxa4 36.Bf6 Kg8 37.Ng5 1-0

[Event "II Festival A"]
[Site "Bernate Ticino ITA"]
[Date "1999.07.09"]
[Round "2"]
[White "Lovati, Paolo"]
[Black "Lampic, Teo"]
[Result "0-1"]
[WhiteElo "2080"]
[BlackElo "2321"]
[PlyCount "101"]
[EventDate "1999.07.08"]

1.c4 d6 2.Nc3 e5 3.g3 Nc6 4.Bg2 Nge7 5.d3 g6 6.e3 Bg7 7.Nge2 O-O 8.O-O Be6
9.Nd5 Qc8 10.Bd2 Bh3 11.Bxh3 Qxh3 12.Nxc7 Rac8 13.Nd5 Nf5 14.Kh1 Nfe7 15.
Nxe7+ Nxe7 16.Nc3 h5 17.Rc1 h4 18.Ne4 Qd7 19.Bb4 Rc6 20.Qe2 Rfc8 21.b3 b5 
22.gxh4 f5 23.Nxd6 Rxd6 24.Bxd6 Qxd6 25.Rfd1 b4 26.Qf3 Qc6 27.Kg2 Kf7 28.
d4 Qxf3+ 29.Kxf3 exd4 30.exd4 Nc6 31.d5 Nd4+ 32.Kg2 Ne2 33.Rc2 Nc3 34.Rd3 
Bf6 35.Kf3 Be5 36.Rc1 a5 37.Re1 Bd6 38.Re6 Ne4 39.Rd1 Rh8 40.Rg1 Bxh2 41.
Rgxg6 Rxh4 42.Ra6 Be5 43.Rh6 Rxh6 44.Rxh6 Nf6 45.Rh1 Ke7 46.Re1 Kd6 47.Ke2
Ne4 48.Kf3 Bd4 49.Rh1 Nc3 50.Rh6+ Kc7 51.Ra6 0-1